Geography Quiz

Random Geography or City Quiz
Score 0/79 Timer 10:00
0 Plays Today
Letter City % Correct
CCopenhagen
96.4%
ÅAarhus
94.9%
ÅAalborg
92.3%
OOdense
90.6%
EEsbjerg
80.9%
RRoskilde
74.5%
RRanders
73.3%
VVejle
71.6%
HHerning
69.9%
HHorsens
69.7%
KKolding
68%
FFredericia
64.1%
SSilkeborg
63.9%
EElsinore
63.8%
VViborg
62.9%
ÅAabenraa
59.3%
NNykøbing Falster
58.6%
NNykøbing Mors
58.6%
SSlagelse
58.1%
SSvendborg
57.6%
FFrederikshavn
57.3%
MMiddelfart
56.9%
NNyborg
55%
KKøge
53.8%
NNæstved
53.7%
HHolstebro
51.6%
AAssens
50.1%
IIkast
49.2%
TThisted
48.9%
KKalundborg
48.4%
HHillerød
47.9%
SSønderborg
47.4%
RRønne
46.8%
GGrenaa
46.5%
TTønder
46.3%
RRingsted
43.8%
EEbeltoft
41.2%
SSkive
41%
VVordingborg
41%
KKorsør
39.1%
Letter City % Correct
RRingkøbing
38.6%
FFrederikssund
36.9%
MMaribo
36.2%
TTaastrup
35.7%
VVarde
35.6%
BBrønderslev
34%
NNakskov
33%
OOdder
31.8%
KKerteminde
30.9%
PPadborg
30.8%
BBirkerød
30.4%
LLemvig
30.4%
FFarum
30.3%
FFrederiksværk
29.9%
DDragør
29.1%
GGrindsted
29.1%
GGive
29.1%
BBrande
28.5%
JJyllinge
26.5%
ÅAars
25.8%
GGilleleje
25%
BBjerringbro
23.9%
TTarm
23.9%
BBramming
23.1%
HHørsholm
22.2%
OOtterup
21.7%
ØØlgod
21.5%
LLillerød
19.5%
LLøgstør
18.3%
ØØlstykke-Stenløse
16.9%
VVærløse
16.2%
MMunkebo
15.9%
JJægerspris
15.7%
ÅAabybro
15.2%
GGalten
14.2%
LLøgten
13.3%
MMårslet
12%
TTune
11.3%
LLystrup
10.8%
Come Together.
Have Fun.
All Virtual.
We all need to come together. Play Sporcle's virtual live trivia to have fun, connect with people, and get your trivia on. Join a live hosted trivia game for your favorite pub trivia experience done virtually. If a virtual private party is more your thing, go here for details.

You're not logged in!

Compare scores with friends on all Sporcle quizzes.
OR
Log In

Sporcle TV

Today on Sporcle TV


Watch our educational content, quiz creation guides, and fun videos on Sporcle TV.

Show Comments

Extras

Top Quizzes Today


Score Distribution

Paid Content

Your Account Isn't Verified!

In order to create a playlist on Sporcle, you need to verify the email address you used during registration. Go to your Sporcle Settings to finish the process.

Report this User

Report this user for behavior that violates our Community Guidelines.

Details: